00697nam a22002177a 450000500170000000800410001701700120005801800090007002000180007904000240009705000240012108200130014510000280015824500990018626000470028530000400033250000300037256300110040265000350041365000310044820250722113556.0250722b |||||||| |||| 00| 0 eng d aLD.5064 a2025 a9789785221787 aNLNbEnglisheAACR2 aDT515.83.A138bA233 a922.2669 aADEYEMI, Peter O. eaut aA shepherd in service :bbiography Archbishop Gabriel Leke Abegunrin /cPeter Oluseyi Adeyemi a[S.l.] :bDaily Graphics Nigerian, c2013 axviii, 267p. :bcol. ports. ; 22cm. aBibliography : p. 252-255 a(pbk.) aAbegunrin, Gabriel Leke, 1949- aClergyvNigeriaxBiography